| 000 | 00869nas a2200301 4500 | ||
|---|---|---|---|
| 001 | BR9703484 | ||
| 003 | BR-BrBNA | ||
| 005 | 20231205100332.0 | ||
| 007 | ta | ||
| 008 | 230509b bl.|||p| |||| 00| 00por d | ||
| 040 |
_aBR-BrBNA _bpor _cBiblioteca Nacional de Agricultura |
||
| 041 | _a(Pt) | ||
| 072 | _aF04; H10 | ||
| 100 | 1 | _aBettiol, W. | |
| 100 | 1 | _aGhini, R. | |
| 100 | 1 | _aCunha, M.I.B. da | |
| 100 | 1 | _aTratch, R. | |
| 100 | 1 | _aGalvao, J.A.H. | |
| 245 | 1 | _aSolarizacao do solo para controle do nematoide das galhas em quiabeiro | |
| 650 | _aQuiabo | ||
| 650 | _aBrometo de Metila | ||
| 650 | _aMateria Organica | ||
| 650 | _aMeloidoginose | ||
| 650 | _aNematoide | ||
| 773 | 0 |
_tHorticultura Brasileira (Brazil) _xISSN 0102-0536 _g(Nov 1996), v. 14(2) p. 158-160 _wBR9703484 |
|
| 909 |
_a202311 _bLúcia _c55 _dLúcia Elande |
||
| 942 |
_2AGRIS _n0 _cANA |
||
| 999 |
_c155432 _d155432 |
||